Harry Potter - Bertie Botts Every Flavour Beans in Philosopher's Stone - Statistics

General Stats
  • This quiz has been taken 17 times
  • The average score is 4 of 9
Answer Stats
Hint Answer % Correct
Flavours Earwax
93%
Flavours Chocolate
53%
Flavours Vomit
53%
Flavours Bogey
40%
Flavours Liver
27%
Flavours Spinach
27%
Flavours Tripe
27%
Flavours Toffee
20%
Flavours Peppermint
13%
No matching quizzes found
Score Distribution
Percent of People with Each Score
Percentile by Number Answered
Your Score History
You have not taken this quiz